Who Said It: SpongeBob or Nietzsche? Quiz Stats

 Plays Quiz Updated Jun 20, 2017

Support Sporcle.
Go Orange.
Score 0/18 Timer 02:00
4 Plays Today
Quote S or N? % Correct
'Well, it's no secret that the best thing about a secret is secretly telling someone your secret, thereby adding another secret to their secret collection of secrets, secretly.'???
82.8%
'Can I be excused for the rest of my life?'???
80.4%
'I hope my horrible ugliness won't be a distraction for you.'???
80.4%
'Dumpster writing! The voice of the people!'???
76.3%
'And once you are awake, you shall remain awake eternally.'???
76.1%
'My ambition is to say in ten sentences what everyone else takes a whole book to say.'???
73.9%
'I've said the word 'fancy' in conversation.'???
73.7%
'You have your way. I have my way. As for the right way, the correct way, and the only way, it does not exist.'???
72.4%
'Today, I start living!'???
71%
Quote S or N? % Correct
'Die at the right time!'???
70.6%
'I would only believe in a god who could dance.'???
70.5%
'How can I compete with geniusness?'???
70.2%
'Plato is boring.'???
64.6%
'We've only got ourselves and what we can carry on our backs.'???
61.6%
'Become who you are!'???
61.2%
'I am not a man, I am dynamite.'???
58.1%
'They call you heartless; but you have a heart and I love you for being ashamed to show it.'???
56.4%
'Panic is your enemy. You are strong. Through your strength, you shall overcome.'???
33.3%

You're not logged in!

Compare scores with friends on all Sporcle quizzes.
OR
Log In
Forgot?

From the Vault

All-Time BCS Bowl Teams

by ArtVandaley

Please feel free to take any extra time you have at the end to complain about the BCS.
Remove Ads.
Support Sporcle.
Get the best of Sporcle when you Go Orange. This ad-free experience offers more features, more stats, and more fun while also helping to support Sporcle. Thank you for becoming a member.

Show Comments

Extras

Top Quizzes Today


Score Distribution

Your Account Isn't Verified!

In order to create a playlist on Sporcle, you need to verify the email address you used during registration. Go to your Sporcle Settings to finish the process.

Report this User

Report this user for behavior that violates our Community Guidelines.

Details: